00749nam a22002057a 4500003000500000005001700005008004100022010001000063011001000073035001000083040000900093100003200102245019500134260004000329300001000369502007500379650002700454650003100481700003100512CHAP20221026121243.0971013s r 00010 d a59885 a60857 a65020 cCHAP00aMendieta Juárez, Armando. aCaracterización de la ganadería para lidia y estimación de parámetros genéticos para el comportamiento durante la tienta /cpor Armando Mendieta Juárez y Miguel Gutiérrez Dimas aChapingo, Méx. :bEl autor.c1996 a88 h. aTesis (Ing. Agr. Esp. en Zootecnia) -- UACH. Departamento de Zootecnia14aGanaderíaxHistoria.14aGanado vacunoxGenética.0 aMiguel Gutiérrez, Dimas.